Pokémon - Les attaques de Maracachi - Statistiques

Statistiques générales
  • Ce quiz a été pris 15 fois
  • Le résultat moyen est 12 sur 20
Statistiques - réponses
Niveaux Types Noms des attaques % Correct
Niveau 20 Insecte Dard-Nuée
100%
Niveau 56 Plante Danse Fleurs
83%
Niveau 24 Plante Giga-Sangsue
83%
Niveau 48 Plante Lance-Soleil
83%
Niveau 8 Plante Méga-Sangsue
83%
Départ Vol Picpic
83%
Niveau 12 Plante Vampigraine
83%
Départ Plante Vol-Vie
83%
Niveau 44 Feu Zénith
83%
Niveau 16 Ténèbres Coup Bas
67%
Départ Plante Racines
67%
Niveau 32 Plante Synthèse
67%
Niveau 36 Plante Tempête Florale
67%
Niveau 60 Plante Cotogarde
50%
Niveau 40 Plante Spore Coton
50%
Niveau 4 Normal Croissance
33%
Départ Plante Pico-Défense
33%
Niveau 52 Normal Acupression
17%
Niveau 28 Normal Doux Parfum
17%
Départ Normal Après Vous
0%
Aucun quiz correspondant
Distribution des résultats
% des personnes avec chaque résultat
Percentile par nombre de réponses
Votre historique - résultats
Vous n’avez pas pris ce quiz